| 000 | 01191nji a22002897a 4500 | ||
|---|---|---|---|
| 005 | 20100903161258.0 | ||
| 006 | a|||||r|||||00| 0 | ||
| 007 | sd ammalaaahaa | ||
| 008 | 100830t xxu||||| |||| 00| 0 eng d | ||
| 028 |
_aN 53798 _bHis Master's Voice |
||
| 035 | _aGR-00884 | ||
| 040 |
_aSED _cSED |
||
| 100 |
_917455 _aMohd , Rafi |
||
| 245 |
_aHum donon / _cby Mohd Rafi [and] Asha Bhosle ; music by Jaidev ; lyric by Sahija _h[sound recording] : |
||
| 246 | _aअभी न जायो छोड़ कर / लता मंगेशकर द्वारा | ||
| 260 |
_aDum Dum, India _bHis Master's Voice _cn.d. |
||
| 300 |
_a1 sound disc [Gramophone Recording]: _banalog, 33 1/3 rpm _c9.5 in. (MP) _fGramophone Record |
||
| 500 | _aBrief Record | ||
| 505 | _aSide - अभी न जायो छोड़ कर ( Abhi na jaayo chod kar) side 2 Abhi Na jaayo chod kar | ||
| 650 |
_aClassical music _zIndia _91186 _xExcerpts |
||
| 700 |
_917416 _aBhosle, Asha |
||
| 700 |
_917456 _aJaidev |
||
| 700 |
_918506 _aSahir |
||
| 700 | _918560 | ||
| 942 |
_2ddc _cGR |
||
| 999 |
_c44042 _d44042 |
||